<?xml version="1.0" encoding="UTF-8"?>
<collection xmlns="http://www.loc.gov/MARC21/slim">
 <record>
  <leader>01688pamaa2200253   4500</leader>
  <controlfield tag="001">0000049444</controlfield>
  <controlfield tag="005">20140506090000.0</controlfield>
  <controlfield tag="008">110804                             eng  </controlfield>
  <datafield tag="020" ind1="0" ind2="0">
   <subfield code="a">9780470487648 (pbk) </subfield>
  </datafield>
  <datafield tag="090" ind1="0" ind2="0">
   <subfield code="a">HA32 </subfield>
   <subfield code="b">GRI 2010</subfield>
  </datafield>
  <datafield tag="100" ind1="1" ind2="0">
   <subfield code="a">Griffith </subfield>
  </datafield>
  <datafield tag="245" ind1="1" ind2="0">
   <subfield code="a">SPSS for dummies  </subfield>
   <subfield code="c">Arthur Griffith.</subfield>
  </datafield>
  <datafield tag="250" ind1="0" ind2="0">
   <subfield code="a">2nd ed.</subfield>
  </datafield>
  <datafield tag="260" ind1="0" ind2="0">
   <subfield code="a">Hoboken, N.J. : Chichester: </subfield>
   <subfield code="b">John Wiley, </subfield>
   <subfield code="c">2010.</subfield>
  </datafield>
  <datafield tag="300" ind1=" " ind2=" ">
   <subfield code="a">xx, 360 p.: </subfield>
   <subfield code="b">ill.; </subfield>
   <subfield code="c">24 cm.</subfield>
  </datafield>
  <datafield tag="440" ind1="0" ind2="0">
   <subfield code="a">--For dummies</subfield>
  </datafield>
  <datafield tag="500" ind1="0" ind2="0">
   <subfield code="a">Includes index</subfield>
  </datafield>
  <datafield tag="501" ind1="0" ind2="0">
   <subfield code="a">FOCIT</subfield>
  </datafield>
  <datafield tag="505" ind1="0" ind2="0">
   <subfield code="a">Need to analyze some data? SPSS is your statistical friend-- let it crunch the numbers! pt. I. The fundamental mechanics of SPSS.  Introducing IBM SPSS statistics ; Installing software and setting options ; A simple statistical analysis example -- pt. II. Getting data in and out of SPSS. Entering data from the keyboard ; Reading and writing files ; Data and data types ; Messing with the data after it's in there ; Getting data out of SPSS -- pt. III. Graphing data. Fundamentals of graphing ; Some types of graphs ; More types of graphs -- pt. IV. Analysis. Executing an analysis ; Some analysis examples -- pt. V. Programming SPSS with command syntax. The command syntax language ; Command syntax language example -- pt. VI. Programming SPSS with Python and Scripts. the Python programming language ; Python inside SPSS ; Scripts -- pt. VII. The part of tens. Ten (or so) modules you can add to SPSS ; Ten useful SPSS things you can find on the Internet</subfield>
  </datafield>
  <datafield tag="650" ind1="0" ind2="0">
   <subfield code="a">PASW (Computer file) </subfield>
  </datafield>
  <datafield tag="650" ind1="0" ind2="0">
   <subfield code="a">Social sciences -- </subfield>
   <subfield code="x">Statistical methods -- </subfield>
   <subfield code="x">Computer programs </subfield>
  </datafield>
  <datafield tag="650" ind1="0" ind2="0">
   <subfield code="a">SPSS (Computer file) </subfield>
  </datafield>
  <datafield tag="800" ind1="1" ind2="0">
   <subfield code="a">--For dummies</subfield>
  </datafield>
  <datafield tag="901" ind1=" " ind2=" ">
   <subfield code="u">www.wiley.com</subfield>
  </datafield>
 </record>
</collection>
